000 01419nam a22002417a 4500
999 _c57316
_d57316
003 Ge_BSU
005 20200520130732.0
008 200520s2020 xxu||||| |||| 00| 0 geo d
020 _a9789941821868
041 _ageo
080 _a349.2(094.9)+331.109(479.22) შ-59
100 _aშველიძე, ზაქარია.
_98109
245 _aშრომით დავებზე საქართველოს სასამართლო პრაქტიკა :
_b(გადაწყვეტილებათა კრებული) /
_cზაქარია შველიძე ; რედ: ქეთევან მესხიშვილი ; თამარ გაბელაია.
264 _aთბილისი :
_b
_c2020.
300 _a316 გვ .:
_c22სმ.
653 _aშრომით დავებზე საქართველოს სასამართლო პრაქტიკა
653 _aსამართალი
653 _aშრომა დასაქმება
700 _aმესხიშვილი, ქეთევან
_eრედაქტორი
_98110
700 _aგაბელაია, თამარ
_eრედაქტორი
_95880
856 _uhttp://lawlibrary.info/ge/books/2020giz-ge-shromit_davebze_praqtika.pdf
_yელექტრონული ვერსია
942 _2udc
_cBK